Goo Goo Dolls- Black Balloon Lyrics - Statistics

General Stats
  • This quiz has been taken 36 times
  • The average score is 177 of 220
Answer Stats
Answer % Correct
A
100%
almost
100%
And
100%
and
100%
as
100%
Baby's
100%
balloon
100%
black
100%
fell
100%
fly
100%
from
100%
go
100%
have
100%
I
100%
in
100%
makes
100%
me
100%
no
100%
on
100%
one?
100%
same
100%
that
100%
That
100%
the
100%
to
100%
were
100%
you
100%
You
100%
you?
100%
your
100%
are
86%
been
86%
boys
86%
But
86%
colder
86%
could
86%
fall
86%
get
86%
her
86%
hole
86%
ice
86%
into
86%
knees
86%
life
86%
like
86%
never
86%
not
86%
other
86%
reach
86%
thousand
86%
was
86%
Was
86%
world
86%
you're
86%
about
71%
All
71%
because
71%
'Cause
71%
Comin'
71%
down
71%
How
71%
I'm
71%
knew
71%
Or
71%
over
71%
scatter
71%
spoon
71%
there
71%
thinking
71%
tomorrow
71%
turn
71%
turned
71%
without
71%
always
57%
angels
57%
beneath
57%
for
57%
I'll
57%
it
57%
love
57%
saw
57%
someone's
57%
spin
57%
sun
57%
What
57%
When
57%
womb
57%
yeah
57%
became
43%
become
43%
left
43%
light
43%
prayer?
43%
room
43%
there's
43%
they
43%
time
43%
home
29%
Inside
29%
know
29%
lead
29%
lies
29%
losing
29%
showed
29%
stand
29%
swallow
29%
things
29%
told
29%
years
29%
No matching quizzes found
Score Distribution
Percent of People with Each Score
Percentile by Number Answered
Your Score History
You have not taken this quiz